000 00403nam a2200145Ia 4500
008 211109s9999||||xx |||||||||||||| ||und||
082 _a621.388
_bFIN-P
100 _aFink, Donald G
245 0 _aPrinciples Of Television Engineering
260 _bMcgraw-Hill Book Company
_aNew York
_c1940
300 _a534p.
630 _xGeneral Stack
650 _aApplied physics
_vPhysics
_xPhysics
942 _cBOOK
999 _c11573
_d11573